000
00294nam a2200109Ia 4500
008
210430s9999 xx 000 0 und d
082
_a
514M9631 T
100
_a
James R. Munkres
_9
53226
245
_a
Topology
_c
James R. Munkres
260
_a
Islamabad
_b
James R. Munkres
_c
2010
942
_c
BK
_2
ddc
999
_c
563101
_d
563101